000 00551nam a2200169 4500
008 171206b xxu||||| |||| 00| 0 eng d
020 _a9780534352158
082 _21998
_aDC 547
_bM16
100 _924256
_aMcMurray, John, author.
245 _aFundamentals of organic chemistry /
_cJohn McMurray.
250 _a4th edition.
260 _aCalifornia :
_bBrooks/Cole,
_c©1998.
300 _axxii, 566 pages :
_billustrations ;
_c26 cm.
500 _aIncludes glossary, appendices and index.
650 0 _924257
_aChemistry, Organic.
942 _2ddc
_cDC
999 _c7913
_d7913